SÍDLISKO LUŽICKEJ KULTÚRY V ĎURČINEJ

Bibliographic Details
Main Author: Moravčík, Jozef, 1944- (Author)
Format: Article
Language:Slovak

MARC

LEADER 00000nab a2200000 a 4500
001 vtls010714408
003 SK-MaSNL
005 20260304185653.0
008 250709s1976 xo |||||||||||||||||slo|
035 |a (urnnbn)urn:nbn:sk:snk:ar-a04dep 
035 |a (uuid)cd7162a0-2ace-46ec-bb3b-6454fea79e01 
035 |a urn:nbn:sk:snk-ab3gvl 
040 |a SNKBUCL  |b slo  |c SNKBUCL  |e AACR2 
041 0 |a slo 
044 |a xo  |c SK 
100 1 |a Moravčík, Jozef,  |d 1944-  |4 aut  |9 105359 
245 1 0 |a SÍDLISKO LUŽICKEJ KULTÚRY V ĎURČINEJ  |c Jozef Moravčík 
773 0 |t Archeologické výskumy a nálezy na Slovensku v roku ...  |g Roč. 2, č. 2 (1976), s. 150-151 
850 |a Slovenská národná knižnica 
852 |a Slovenská národná knižnica 
954 |a odborná, vedecká literatúra pôvodná (slovenská)  |2 lita 
958 |a article1 
958 |a OND 
958 |a EUIPO 
999 |c 3045261  |d 3047191